[Event "Porlamar Margarita"]
[Site "Porlamar"]
[Date "2018.03.08"]
[Round "3"]
[White "Marichal Gonzalez, Ariel"]
[Black "Gomez Perez, Humberto"]
[Result "1/2-1/2"]
[WhiteElo "2317"]
[BlackElo "2074"]
[PlyCount "93"]
[EventDate "2018.03.07"]
[EventType "tourn"]
[EventRounds "9"]
[EventCountry "VEN"]
[SourceTitle "EXT 2019"]
[Source "ChessBase"]
[SourceDate "2018.10.10"]
[SourceVersion "1"]
[SourceVersionDate "2018.10.10"]
[SourceQuality "1"]

1. d4 d5 2. c4 e5 3. dxe5 d4 4. a3 Nc6 5. e3 Nge7 6. Nf3 Nf5 7. e4 Nh4 8. Nbd2 a5 9. Nxh4 Qxh4 10. g3 Qd8 11. f4 Bc5 12. Bd3 Qe7 13. b3 Ra6 14. Bb2 Rb6 15. Qf3 h5 16. Be2 g5 17. Kd1 Bd7 18. Kc2 g4 19. Qg2 Kd8 20. Rhb1 Kc8 21. Bd3 Kb8 22. Kd1 Bc8 23. Ra2 h4 24. Rba1 Ra6 25. Ke2 hxg3 26. hxg3 Na7 27. Rh1 Rah6 28. Rxh6 Rxh6 29. b4 axb4 30. axb4 Bxb4 31. Bxd4 Nc6 32. Bf2 Bc5 33. Qg1 Bxf2 34. Qxf2 b6 35. c5 bxc5 36. Nb3 Nd4+ 37. Nxd4 cxd4 38. Rb2+ Bb7 39. Qxd4 Qa3 40. Ke3 c5 41. Qd8+ Ka7 42. Rb1 Qc3 43. Qd7 Rb6 44. Qa4+ Ba6 45. Qd7+ Bb7 46. Qa4+ Ba6 47. Qd7+ 1/2-1/2